|
|
|
|
| LEADER |
00000nab a2200000 a 4500 |
| 001 |
vtls001519756 |
| 003 |
SK-MaSNL |
| 005 |
20260303074644.0 |
| 008 |
050315c20050307xo dr|p|||||||000 b|slo |
| 015 |
|
|
|a SNBRB2005/03
|2 snkbucl
|
| 038 |
|
|
|a SNKBUCL
|
| 040 |
|
|
|a SNKBUCL
|b slo
|c SNKBUCL
|e AACR2
|
| 041 |
0 |
|
|a slo
|
| 044 |
|
|
|a xo
|c SK
|
| 080 |
|
|
|a 796.322.093.1
|2 UDC-MRF-SK2
|
| 245 |
0 |
0 |
|a Hádzaná
|
| 300 |
|
|
|b Tab.
|
| 648 |
|
7 |
|a sezóna 2004/2005
|2 snkbucl
|9 848867
|
| 650 |
0 |
7 |
|a hádzaná
|2 snkbucl
|9 3292
|
| 650 |
0 |
7 |
|a muži
|2 snkbucl
|9 4888
|
| 650 |
0 |
7 |
|a 1. liga
|2 snkbucl
|9 722880
|
| 773 |
0 |
|
|t Šport
|g Roč. 59, č. 54 (7.3.2005), s. 47
|x 0139-7001
|
| 852 |
|
|
|a SNK
|b KIS3GCP
|
| 999 |
|
|
|c 1772467
|d 1774397
|